[Event "GER-ch U25-C"]
[Site "Willingen"]
[Date "2023.05.31"]
[Round "5"]
[White "Dotschuweit, Erik"]
[Black "Boeker, Maximilian"]
[Result "1-0"]
[WhiteElo "1332"]
[BlackElo "969"]
[PlyCount "117"]
[EventDate "2023.05.27"]
[EventType "swiss"]
[EventRounds "9"]
[EventCountry "GER"]
[SourceTitle "CBM 214 Extra"]
[Source "ChessBase"]
[SourceDate "2023.07.31"]
[SourceVersion "1"]
[SourceVersionDate "2023.07.31"]
[SourceQuality "1"]

1. d4 d5 2. Bf4 e6 3. e3 c5 4. c3 Nf6 5. Nf3 Bd6 6. Bg3 Bxg3 7. hxg3 cxd4 8. cxd4 0-0 9. Bd3 Nc6 10. Nbd2 Qb6 11. b3 Nb4 12. Qe2 Nxd3+ 13. Qxd3 h6 14. e4 dxe4 15. Nxe4 Nxe4 16. Qxe4 Qa5+ 17. Nd2 Qd5 18. 0-0 Qxe4 19. Nxe4 Rd8 20. Rfd1 b6 21. Rac1 Bb7 22. f3 Rac8 23. Rxc8 Rxc8 24. Nd6 Rc7 25. Kf2 Ba6 26. Rd2 Rd7 27. Nc4 Bxc4 28. bxc4 Kf8 29. Ke3 Ke7 30. g4 Kd6 31. Ke4 Rc7 32. Rc2 f6 33. f4 g5 34. g3 gxf4 35. gxf4 Re7 36. Rh2 Rh7 37. g5 f5+ 38. Kd3 h5 39. Ke3 Kc6 40. a4 Kb7 41. d5 exd5 42. cxd5 Kc7 43. g6 Rg7 44. Rxh5 Rxg6 45. Rxf5 Rg3+ 46. Ke4 Ra3 47. Rf7+ Kd6 48. Rxa7 b5 49. Ra6+ Kd7 50. Ke5 bxa4 51. Ra7+ Kd8 52. Kd6 Ke8 53. f5 Ra1 54. Ke6 Re1+ 55. Kf6 Rd1 56. Rxa4 Rxd5 57. Ke6 Rd8 58. Rh4 Kf8 59. Rh8+ 1-0

[Event "Bayern Jubilar U12"]
[Site "Bayreuth"]
[Date "2022.08.30"]
[Round "6"]
[White "Dotschuweit, Erik"]
[Black "Stehning, Toni"]
[Result "0-1"]
[WhiteElo "1393"]
[BlackElo "1522"]
[PlyCount "52"]
[EventDate "2022.08.27"]
[EventType "swiss"]
[EventRounds "7"]
[EventCountry "GER"]
[SourceTitle "EXT 2023"]
[Source "ChessBase"]
[SourceDate "2022.10.05"]
[SourceVersion "1"]
[SourceVersionDate "2022.10.05"]
[SourceQuality "1"]

1. e4 e5 2. Nf3 Nc6 3. Bc4 Nf6 4. 0-0 Bc5 5. c3 d6 6. d4 Bb6 7. dxe5 dxe5 8. Qxd8+ Kxd8 9. Bxf7 Nxe4 10. Bg5+ Nxg5 11. Nxg5 h6 12. Nf3 e4 13. Nh4 Rf8 14. Bg6 e3 15. Nf3 exf2+ 16. Kh1 Bg4 17. Nbd2 Rf6 18. Bc2 Ke7 19. Ne4 Rxf3 20. h3 Rf4 21. hxg4 Raf8 22. Ng3 Rxg4 23. Nf5+ Ke6 24. g3 Rxf5 25. Bxf5+ Kxf5 26. Kg2 Ne5 0-1

[Event "Bayern Jubilar U12"]
[Site "Bayreuth"]
[Date "2022.08.28"]
[Round "2"]
[White "Dotschuweit, Erik"]
[Black "Limmer, Marco"]
[Result "0-1"]
[WhiteElo "1393"]
[BlackElo "1704"]
[PlyCount "45"]
[EventDate "2022.08.27"]
[EventType "swiss"]
[EventRounds "7"]
[EventCountry "GER"]
[SourceTitle "EXT 2023"]
[Source "ChessBase"]
[SourceDate "2022.10.05"]
[SourceVersion "1"]
[SourceVersionDate "2022.10.05"]
[SourceQuality "1"]

1. e4 e5 2. Nf3 Nc6 3. Bc4 Nf6 4. d3 Be7 5. c3 0-0 6. 0-0 d5 7. exd5 Nxd5 8. Re1 Nb6 9. Bb5 Bg4 10. h3 Bxf3 11. Qxf3 Qd6 12. Nd2 Nd5 13. Nc4 Qe6 14. Bxc6 bxc6 15. Rxe5 Qd7 16. Bd2 Bf6 17. Re2 Rfd8 18. d4 Re8 19. Rae1 Red8 20. Ne5 Bxe5 21. Rxe5 Nb6 22. Re7 Qd5 23. Qd1 0-1

[Event "GER-ch U10"]
[Site "Willingen"]
[Date "2022.06.10"]
[Round "10"]
[White "Dotschuweit, Erik"]
[Black "Shen, Tingrui"]
[Result "1/2-1/2"]
[WhiteElo "1323"]
[BlackElo "1621"]
[PlyCount "65"]
[EventDate "2022.06.04"]
[EventType "swiss"]
[EventRounds "11"]
[EventCountry "GER"]
[SourceTitle "CBM 208 Extra"]
[Source "ChessBase"]
[SourceDate "2022.07.31"]
[SourceVersion "1"]
[SourceVersionDate "2022.07.31"]
[SourceQuality "1"]

1. e4 c5 2. Nf3 Nf6 3. Nc3 d5 4. exd5 Nxd5 5. Bc4 Nxc3 6. bxc3 e6 7. d4 Be7 8. 0-0 0-0 9. Bf4 Nc6 10. Qe2 a6 11. a4 b6 12. Rad1 cxd4 13. cxd4 Na5 14. Bd3 Bb7 15. Ne5 Bf6 16. Qh5 g6 17. Qg4 Bg7 18. Bg5 Qd6 19. Nf3 Rac8 20. h4 h5 21. Qh3 Nc4 22. Nd2 Nb2 23. Rb1 Nxd3 24. Qxd3 Qxd4 25. Be3 Qxd3 26. cxd3 b5 27. axb5 axb5 28. Rxb5 Ba6 29. Rb3 Rfd8 30. Nc4 Rxc4 31. dxc4 Bxc4 32. Rfb1 Bxb3 33. Rxb3 1/2-1/2